Robocop
Όταν ένας αστυνομικός του Ντιτρόιτ πεθαίνει μετά από την επίθεση μιας συμμορίας κακοποιών, μια ομάδα γιατρών και επιστημόνων τον μεταμορφώνουν με την βοήθεια της τεχνολογίας σε ένα cyborg που μάχεται το έγκλημα και ακούει στο όνομα Robocop. Μισός ρομπότ, μισός άνθρωπος είναι άτρωτος στις σφαίρες και...
Saved in:
| Other Authors: | , , , , |
|---|---|
| Format: | |
| Language: | English Multiple |
| Published: |
[S.l.] :
MGM Home Entertainment,
c2004.
|
| Edition: | Special ed. |
| Subjects: | |
| Tags: |
Add Tag
No Tags, Be the first to tag this record!
|
MARC
| LEADER | 00000cgm a2200000 i 4500 | ||
|---|---|---|---|
| 001 | 1/2447 | ||
| 008 | 091214s2004 xx ||| | || ||eng|| | ||
| 035 | |l 10106004 | ||
| 040 | |a GR-MyUa |b gre |e AACR2 | ||
| 041 | 0 | |a eng |j mul | |
| 082 | 7 | |a 791.437 |2 (22) | |
| 245 | 0 | 0 | |a Robocop |h [μαγνητοσκόπηση] / |c σκηνοθεσία: Πολ Βερχόφεν. |
| 250 | |a Special ed. | ||
| 260 | |a [S.l.] : |b MGM Home Entertainment, |c c2004. | ||
| 300 | |a 1 βιντεοδίσκος (102 λεπτ.) : |b ομίλ., έγχρ. ; |c 4 3/4 ίν. | ||
| 500 | |a Κυκλοφόρησε πρώτη φορά ως κινηματογραφική ταινία το 1987. | ||
| 508 | |a Μουσική, Βασίλης Πολυδούρης ; διεύθυνση φωτογραφίας, Γιοστ Βακανό ; μοντάζ, Φράνκ Τζ, Γιουριοστι ; σχεδιασμός του Robocop, Ρόμπ Μποτίν ; εκτέλεση παραγωγής, Τζον Ντέϊωιντσον ; σενάριο, Έντουαρντ Νοϊμαϊερ και Μάικλ Μάϊνερ ; παραγωγή, Άρνι Σμίντ. | ||
| 511 | 0 | |a Πίτερ Γουέλερ, Νάνσι Άλεν, Ντάνιελ Ο'Χέρλιχι, Ρόνι Κοξ, Κέρτγουντ Σμιθ, Μιγκέλ Φερέρ. | |
| 520 | 8 | |a Όταν ένας αστυνομικός του Ντιτρόιτ πεθαίνει μετά από την επίθεση μιας συμμορίας κακοποιών, μια ομάδα γιατρών και επιστημόνων τον μεταμορφώνουν με την βοήθεια της τεχνολογίας σε ένα cyborg που μάχεται το έγκλημα και ακούει στο όνομα Robocop. Μισός ρομπότ, μισός άνθρωπος είναι άτρωτος στις σφαίρες και εξοπλισμένος με όπλα και συσκευές υψηλής τεχνολογίας. Χάρη σ'αυτόν, η αστυνομία θα αποκτήσει ξανά τον έλεγχο της πόλης, όμως κάτω απο το ατσάλινο περίβλημα της θωράκισης του επανέρχονται μνήμες από την προηγούμενη ζωή του. Εφιάλτες απά τον φρικτό του θάνατο τον βασανίζουν, κάνοντάς τον να ζητά κάτι περισσότερο από δικαιοσύνη: εκδίκηση! | |
| 546 | |a Στα αγγλικά με υπότιτλους στα ελληνικά. | ||
| 650 | 0 | |a Police |v Drama. | |
| 650 | 0 | |a Cyborgs |v Drama. | |
| 655 | 7 | |a Feature films |2 lcgft | |
| 700 | 1 | |a Verhoeven, Paul, |d 1938- |e drt | |
| 700 | 1 | |a Weller, Peter, |d 1947- |e act | |
| 700 | 1 | |a Allen, Nancy, |d 1950 June 24- |e act | |
| 700 | 1 | |a O'Herlihy, Dan, |d 1919-2005, |e act | |
| 700 | 1 | |a Cox, Ronny, |e act | |
| 852 | |a INST |b SYROS |c AV |e 20091214 |h 791.437 VER |p 005500007965 |q 005500007965 |t DVD |y 23 | ||
| 901 | |a BIBL5-2008-1 | ||
| 922 | |a 5ΕΛΗ |b 200709 |c Βιβλιοθήκη Σύρου |d Anaco | ||
| 970 | |a Κοντού |b Παρασκευή |z 14/12/2009 | ||